000 00425nam a2200145Ia 4500
008 230917s9999||||xx |||||||||||||| ||und||
040 _e36530
_aMAIN
041 _aEnglish
082 _a954.01 C392S
100 _aChatterjee, Heramba
245 0 _aStudies in the social background of the forms of marriages in ancient India.V1
260 _aCalcutta
_bSanskrit Pustak Bhandar
_c1972
300 _axvi, 368 p.
942 _cBK
999 _c212974
_d212974